[Event "Tradewise Gibraltar Chess Festival 2014 "]
[Site "The Caleta Hotel - Gibraltar"]
[Date "2014.01.30"]
[Round "3.17"]
[White "Mareco, Sandro"]
[Black "Vojinovic, Jovana"]
[Result "1-0"]
[WhiteElo "2582"]
[BlackElo "2335"]
[PlyCount "97"]
[EventDate "2014.01.28"]

1. d4 e6 2. c4 f5 3. g3 Nf6 4. Bg2 d5 5. Nd2 Nc6 6. Ngf3 Be7 7. O-O O-O 8. a3
a5 9. b3 Ne4 10. Bb2 Bd7 11. Rc1 Be8 12. Ne1 Bf6 13. Ndf3 Qd6 14. cxd5 exd5 15.
Nd3 Nd8 16. Nfe5 b6 17. Nf4 Bg5 18. e3 Bxf4 19. exf4 a4 20. b4 Bb5 21. Re1 c6
22. Qc2 Qc7 23. Re3 Qb7 24. Rce1 Rc8 25. Bh3 Rc7 26. Bc1 g6 27. f3 Nd6 28. Rc3
Re7 29. Be3 Qa6 30. Bf2 Bc4 31. Qc1 b5 32. g4 Qc8 33. Bh4 Ree8 34. Bxd8 Rxd8
35. g5 Kg7 36. Rce3 Rde8 37. Qd2 Rh8 38. Qf2 h5 39. gxh6+ Rxh6 40. Qg3 Bb3 41.
Bg2 Nf7 42. Nxg6 Rxg6 43. Rxe8 Qxe8 44. Qxg6+ Kxg6 45. Rxe8 Kg7 46. Rc8 Nh8 47.
Rxc6 Ng6 48. Rxg6+ Kxg6 49. Bf1 1-0

[Event "Tradewise Gibraltar Chess Festival 2014 "]
[Site "The Caleta Hotel - Gibraltar"]
[Date "2014.01.30"]
[Round "3.18"]
[White "Raznikov, Danny"]
[Black "Vocaturo, Daniele"]
[Result "1/2-1/2"]
[WhiteElo "2479"]
[BlackElo "2582"]
[PlyCount "83"]
[EventDate "2014.01.28"]

1. d4 Nf6 2. c4 g6 3. Nc3 Bg7 4. e4 d6 5. h3 O-O 6. Nf3 Na6 7. Be3 e5 8. d5 Nc5
9. Nd2 a5 10. g4 c6 11. Be2 a4 12. a3 Qa5 13. Kf1 Ne8 14. g5 f5 15. h4 Nxe4 16.
Ndxe4 fxe4 17. h5 gxh5 18. Bxh5 Bf5 19. Bg4 Bg6 20. Kg2 Rf3 21. Bxf3 exf3+ 22.
Qxf3 Qa6 23. Rh4 Nc7 24. Rah1 Rf8 25. Qh3 Bf5 26. Qh2 cxd5 27. cxd5 Nxd5 28.
Nxd5 Qc6 29. Rd1 Be6 30. Rxh7 Bxd5+ 31. Kg1 Rf7 32. Rc1 Qd7 33. g6 Re7 34. Bg5
Qf5 35. Qh5 Bf3 36. Rc8+ Qxc8 37. Qxf3 Qe6 38. Qh5 Rd7 39. Bh6 Bf6 40. Bg5 Bg7
41. Bh6 Bf6 42. Bg5 1/2-1/2

[Event "Tradewise Gibraltar Chess Festival 2014 "]
[Site "The Caleta Hotel - Gibraltar"]
[Date "2014.01.30"]
[Round "3.19"]
[White "Dvirnyy, Danyyil"]
[Black "Kobo, Ori"]
[Result "1-0"]
[WhiteElo "2574"]
[BlackElo "2298"]
[PlyCount "146"]
[EventDate "2014.01.28"]

1. c4 g6 2. g3 Bg7 3. Bg2 c5 4. Nc3 Nc6 5. a3 e6 6. b4 d6 7. Qb3 Nge7 8. Nf3
O-O 9. Bb2 b6 10. O-O Bb7 11. e3 Qd7 12. Ne2 e5 13. Nc3 Rac8 14. Rac1 h6 15. d3
Kh7 16. Nd2 f5 17. Nd5 g5 18. Bc3 Nxd5 19. Bxd5 Ne7 20. Bxb7 Qxb7 21. a4 Qd7
22. a5 bxa5 23. bxa5 Rb8 24. Qc2 Ng6 25. Rb1 f4 26. Rxb8 Rxb8 27. Rb1 Rf8 28.
Qd1 d5 29. cxd5 Qxd5 30. Qc2 Rd8 31. Ne4 fxe3 32. fxe3 Qxd3 33. Qxd3 Rxd3 34.
Kf2 Nf8 35. Rb7 Kg6 36. g4 Nd7 37. Rxa7 Nf6 38. Rxg7+ Kxg7 39. Bxe5 Kf7 40.
Bxf6 Ra3 41. Bd8 Ra2+ 42. Kg3 c4 43. Nd6+ Ke6 44. Nxc4 Kd5 45. Nb6+ Kc6 46. Bf6
Rxa5 47. Bd4 Ra2 48. Nc4 Kd5 49. Ne5 Ke6 50. Nf3 Kd5 51. Bg7 Ra6 52. Bxh6 Rxh6
53. Nxg5 Rg6 54. h4 Ke5 55. Nh3 Ke4 56. Nf4 Ra6 57. Ng2 Rb6 58. h5 Ra6 59. g5
Kf5 60. g6 Kg5 61. Nf4 Kh6 62. Kg4 Ra5 63. e4 Re5 64. Kf3 Re8 65. Nd5 Re5 66.
Nf4 Re8 67. Ke3 Re7 68. Kd4 Kg5 69. e5 Ra7 70. e6 Ra4+ 71. Ke5 Kh6 72. e7 Ra1
73. Kf6 Re1 1-0

[Event "Tradewise Gibraltar Chess Festival 2014 "]
[Site "The Caleta Hotel - Gibraltar"]
[Date "2014.01.30"]
[Round "3.21"]
[White "Ashwin, Jayaram"]
[Black "Eljanov, Pavel"]
[Result "0-1"]
[WhiteElo "2473"]
[BlackElo "2733"]
[PlyCount "62"]
[EventDate "2014.01.28"]

1. e4 c6 2. d4 d5 3. e5 Bf5 4. Nf3 e6 5. Be2 Ne7 6. O-O Bg6 7. a4 c5 8. Na3
Nbc6 9. c4 dxc4 10. Nxc4 Nf5 11. Bg5 f6 12. Bf4 Nfxd4 13. Nxd4 Nxd4 14. Bh5 Be7
15. Re1 Kf7 16. Rc1 Re8 17. Re3 Qd5 18. Qg4 Rad8 19. h4 f5 20. Bxg6+ hxg6 21.
Qg3 Rh8 22. Bg5 Bxg5 23. Qxg5 Rh5 24. Qg3 g5 25. Ree1 Rdh8 26. Nd6+ Kg8 27. f3
f4 28. Qg4 Rxh4 29. Qxg5 Nxf3+ 30. gxf3 Qd4+ 31. Kf1 Rh1+ 0-1

[Event "Tradewise Gibraltar Chess Festival 2014 "]
[Site "The Caleta Hotel - Gibraltar"]
[Date "2014.01.30"]
[Round "3.23"]
[White "Larino Nieto, David"]
[Black "Rapport, Richard"]
[Result "0-1"]
[WhiteElo "2465"]
[BlackElo "2691"]
[PlyCount "60"]
[EventDate "2014.01.28"]

1. e4 e6 2. d4 d5 3. Nc3 dxe4 4. Nxe4 Nf6 5. Nxf6+ gxf6 6. c3 Nc6 7. Bf4 e5 8.
dxe5 Qe7 9. Bb5 fxe5 10. Bg3 Bd7 11. Qh5 O-O-O 12. Nf3 f6 13. O-O Rg8 14. Rfe1
Qc5 15. Bd3 Ne7 16. Qf7 Qb6 17. Rad1 Rg7 18. Qc4 Be6 19. Qa4 Rg4 20. Qc2 h5 21.
Nh4 Rg7 22. Kh1 Bxa2 23. b4 Be6 24. f3 Nd5 25. Bf2 Qc6 26. b5 Qxc3 27. Qa2 Qa3
28. Qc4 Rgd7 29. Ra1 Nf4 30. Qe4 Nxd3 0-1

[Event "Tradewise Gibraltar Chess Festival 2014 "]
[Site "The Caleta Hotel - Gibraltar"]
[Date "2014.01.30"]
[Round "3.24"]
[White "Short, Nigel D"]
[Black "Docx, Stefan"]
[Result "1-0"]
[WhiteElo "2683"]
[BlackElo "2458"]
[PlyCount "59"]
[EventDate "2014.01.28"]

1. c4 Nf6 2. Nc3 e5 3. e3 Nc6 4. g4 d5 5. g5 d4 6. gxf6 dxc3 7. fxg7 cxd2+ 8.
Bxd2 Bxg7 9. Bc3 Qe7 10. Ne2 Bd7 11. Rg1 f6 12. Qb3 O-O-O 13. O-O-O h5 14. Bg2
Bh6 15. Bd5 Qc5 16. Ng3 h4 17. Ne4 Qe7 18. Qb5 Bf8 19. f4 a6 20. Qb3 Bh6 21.
Rge1 Rhf8 22. fxe5 fxe5 23. Kb1 Bg4 24. Rc1 Rf3 25. Bxc6 bxc6 26. Ka1 Bxe3 27.
Qa4 Bxc1 28. Bb4 Re3 29. Rxc1 c5 30. Bxc5 1-0

[Event "Tradewise Gibraltar Chess Festival 2014 "]
[Site "The Caleta Hotel - Gibraltar"]
[Date "2014.01.30"]
[Round "3.26"]
[White "Sutovsky, Emil"]
[Black "Georgiadis, Nico"]
[Result "1-0"]
[WhiteElo "2663"]
[BlackElo "2436"]
[PlyCount "81"]
[EventDate "2014.01.28"]

1. e4 e5 2. Nf3 Nc6 3. Bb5 Nf6 4. O-O Nxe4 5. d4 Nd6 6. Bxc6 dxc6 7. dxe5 Nf5
8. Qxd8+ Kxd8 9. Rd1+ Ke8 10. Nc3 h6 11. Ne2 Ne7 12. Ned4 Ng6 13. Bd2 c5 14.
Nb5 Kd7 15. Ba5+ Kc6 16. Nxc7 b6 17. Bxb6 Kxb6 18. Nxa8+ Kb7 19. Rd8 Be7 20.
Rxh8 Nxh8 21. Nd2 Ng6 22. Nc4 Kxa8 23. Nd6 Bxd6 24. exd6 Kb7 25. Re1 Be6 26.
Re3 Nf8 27. h4 Nd7 28. h5 Nf6 29. d7 Kc7 30. Ra3 Kxd7 31. Rxa7+ Kc6 32. a4 Nxh5
33. Ra6+ Kd5 34. b4 Nf6 35. b5 c4 36. a5 c3 37. b6 Kc6 38. Ra7 Nd5 39. b7 Kc7
40. a6 Nb4 41. b8=Q+ 1-0

[Event "Tradewise Gibraltar Chess Festival 2014 "]
[Site "The Caleta Hotel - Gibraltar"]
[Date "2014.01.30"]
[Round "3.28"]
[White "Tania, Sachdev"]
[Black "Ganguly, Surya Shekhar"]
[Result "0-1"]
[WhiteElo "2442"]
[BlackElo "2619"]
[PlyCount "116"]
[EventDate "2014.01.28"]

1. d4 d6 2. Nf3 Nf6 3. c4 g6 4. g3 Bg7 5. Bg2 O-O 6. O-O Nbd7 7. Nc3 e5 8. e4
exd4 9. Nxd4 Nc5 10. h3 Re8 11. Re1 Bd7 12. Bf4 h6 13. Qc2 Nfxe4 14. Nxe4 Bxd4
15. Qd2 Nxe4 16. Qxd4 Ng5 17. Qc3 Kh7 18. Rxe8 Qxe8 19. Bxg5 hxg5 20. Re1 Qf8
21. Bxb7 Re8 22. Bg2 Qg7 23. Qxg7+ Kxg7 24. Rxe8 Bxe8 25. Kf1 Bd7 26. Ke2 Be6
27. b3 Kf6 28. Ke3 c5 29. Bf1 Bf5 30. Be2 a5 31. Kd2 Ke5 32. Kc3 Be4 33. f3 Bf5
34. Bf1 Bd7 35. Bg2 Be6 36. Bf1 Bf5 37. Bg2 Bb1 38. a3 Bf5 39. Bf1 Bc8 40. Bg2
Bd7 41. Kd3 Be6 42. Kc3 Bf5 43. Bf1 Bd7 44. Bg2 Bc8 45. Kd3 Ba6 46. Kc3 f6 47.
Bh1 f5 48. Bg2 f4 49. g4 Bb7 50. Kd3 Bc6 51. Kc3 Ba8 52. Bh1 Bb7 53. Bg2 d5 54.
Bh1 Ba6 55. Bg2 a4 56. Bf1 axb3 57. Bd3 Bxc4 58. Bxg6 Be2 0-1

[Event "Tradewise Gibraltar Chess Festival 2014 "]
[Site "The Caleta Hotel - Gibraltar"]
[Date "2014.01.30"]
[Round "3.30"]
[White "Sandipan, Chanda"]
[Black "Tari, Aryan"]
[Result "0-1"]
[WhiteElo "2609"]
[BlackElo "2408"]
[PlyCount "114"]
[EventDate "2014.01.28"]

1. d4 Nf6 2. Nf3 e6 3. g3 d5 4. Bg2 c5 5. c4 cxd4 6. O-O dxc4 7. Nxd4 Bc5 8.
Qa4+ Qd7 9. Nb5 O-O 10. Qxc4 Bb6 11. N1c3 a6 12. Na3 Nc6 13. Rd1 Qe7 14. Bf4
Ng4 15. Bxc6 Nxf2 16. Rf1 Nh3+ 17. Kg2 Nxf4+ 18. gxf4 bxc6 19. e4 Rd8 20. Rad1
Rxd1 21. Rxd1 Qh4 22. Qd3 e5 23. Nc4 Qf2+ 24. Kh1 Bg4 25. Rf1 Qd4 26. Nxe5 Qxd3
27. Nxd3 Rd8 28. Ne5 Bh5 29. Nxc6 Rd2 30. Ne5 Bf2 31. Kg2 Bd4+ 32. Kg3 Rxb2 33.
Nd5 Rxa2 34. Nc6 Ra3+ 35. Kg2 Ra2+ 36. Kg3 Be2 37. Rb1 Ra3+ 38. Kh4 Bf2+ 39.
Kg5 h6+ 40. Kf5 Rh3 41. Ke5 Bb5 42. Nce7+ Kh7 43. Nf5 Rxh2 44. Rc1 Bd7 45. Rc7
Be6 46. Nd4 Rh5+ 47. f5 Bg3+ 48. Nf4 Rh4 49. Nde2 Bxf4+ 50. Nxf4 f6+ 51. Kxe6
Rxf4 52. e5 Re4 53. Ke7 Rxe5+ 54. Kf8 Kh8 55. Ra7 a5 56. Rb7 a4 57. Ra7 a3 0-1

[Event "Tradewise Gibraltar Chess Festival 2014 "]
[Site "The Caleta Hotel - Gibraltar"]
[Date "2014.01.30"]
[Round "3.31"]
[White "Salgado Lopez, Ivan"]
[Black "Milliet, Sophie"]
[Result "1-0"]
[WhiteElo "2597"]
[BlackElo "2390"]
[PlyCount "77"]
[EventDate "2014.01.28"]

1. e4 c5 2. Nf3 e6 3. d4 cxd4 4. Nxd4 Nc6 5. Nc3 Qc7 6. f4 Nxd4 7. Qxd4 a6 8.
Be2 b5 9. Bf3 Bb7 10. Be3 Rc8 11. O-O Qc5 12. Rf2 Qxd4 13. Bxd4 Rc4 14. Rd1
Rxd4 15. Rxd4 Bc5 16. Rdd2 Ne7 17. Kf1 Bxf2 18. Kxf2 Ng6 19. g3 Ke7 20. a4 Rb8
21. axb5 axb5 22. Ke3 Bc6 23. Na2 f6 24. Nb4 Ba8 25. Rd1 Nh8 26. Ra1 Nf7 27.
Be2 Nd8 28. c3 Bc6 29. Ra7 Kd6 30. h4 Nb7 31. Bf3 e5 32. Bg4 Nc5 33. fxe5+ fxe5
34. Nxc6 Kxc6 35. b4 Rb7 36. Ra1 Na4 37. c4 d6 38. cxb5+ Kxb5 39. Be2+ 1-0

[Event "Tradewise Gibraltar Chess Festival 2014 "]
[Site "The Caleta Hotel - Gibraltar"]
[Date "2014.01.30"]
[Round "3.32"]
[White "Zhao, Xue"]
[Black "Bellon Lopez, Juan Manuel"]
[Result "0-1"]
[WhiteElo "2567"]
[BlackElo "2382"]
[PlyCount "114"]
[EventDate "2014.01.28"]

1. d4 d5 2. c4 c6 3. Nc3 Nf6 4. Nf3 a6 5. g3 g6 6. Bg2 Bg7 7. Qb3 O-O 8. O-O e6
9. Rd1 Nbd7 10. Bf4 Nb6 11. Qc2 Nxc4 12. e4 dxe4 13. Nxe4 Nxe4 14. Qxc4 Nf6 15.
Ne5 Nd5 16. Bd2 Qc7 17. Re1 Rd8 18. b4 Bd7 19. Rac1 Be8 20. Qb3 Qb6 21. Qc4 Nc7
22. Qc5 Qxc5 23. bxc5 Rxd4 24. Nc4 Nd5 25. Re2 Bf8 26. Na5 Ra4 27. Be1 Rb8 28.
Be4 Nb4 29. Rc4 Rxa5 30. Bxb4 Ra4 31. a3 b5 32. cxb6 Bxb4 33. axb4 Rxb6 34.
Rec2 Raxb4 35. Rxb4 Rxb4 36. Bxc6 Bxc6 37. Rxc6 a5 38. Kg2 h5 39. h4 Kg7 40.
Ra6 a4 41. Ra5 Kf6 42. Ra6 Kf5 43. Ra5+ e5 44. Ra7 f6 45. Ra6 g5 46. hxg5 Kxg5
47. Kh3 Kf5 48. f3 Rb3 49. Kg2 a3 50. Ra5 Rb2+ 51. Kh3 Ra2 52. f4 Ra1 53. Kh2
a2 54. Kg2 Ke4 55. fxe5 fxe5 56. Kh2 Kf3 57. Ra3+ Kf2 0-1

[Event "Tradewise Gibraltar Chess Festival 2014 "]
[Site "The Caleta Hotel - Gibraltar"]
[Date "2014.01.30"]
[Round "3.33"]
[White "Muzychuk, Anna"]
[Black "Kaczmarczyk, Dennis"]
[Result "1/2-1/2"]
[WhiteElo "2566"]
[BlackElo "2358"]
[PlyCount "73"]
[EventDate "2014.01.28"]

1. e4 e6 2. d4 d5 3. Nc3 Nf6 4. Bg5 Bb4 5. e5 h6 6. Be3 Ne4 7. a3 Bxc3+ 8. bxc3
c5 9. Bd3 Qa5 10. Ne2 cxd4 11. Bxd4 Nc6 12. O-O b6 13. Re1 Ba6 14. Bxe4 dxe4
15. Ng3 O-O 16. Rxe4 Rad8 17. Nh5 Ne7 18. Qg4 Ng6 19. h4 Bb7 20. Re3 Qa4 21.
Rg3 Qxc2 22. Re1 Rfe8 23. Nf4 Qf5 24. Qxf5 exf5 25. e6 Rxd4 26. cxd4 Nxf4 27.
exf7+ Kxf7 28. Rxe8 Kxe8 29. Rxg7 Bxg2 30. Rxa7 Be4 31. Kh2 Nd3 32. Ra6 Nxf2
33. Rxb6 f4 34. Kg1 Nh3+ 35. Kh2 Nf2 36. Kg1 Nh3+ 37. Kh2 1/2-1/2

[Event "Tradewise Gibraltar Chess Festival 2014 "]
[Site "The Caleta Hotel - Gibraltar"]
[Date "2014.01.30"]
[Round "3.36"]
[White "Maze, Sebastien"]
[Black "Ben Artzi, Ido"]
[Result "1-0"]
[WhiteElo "2536"]
[BlackElo "2344"]
[PlyCount "81"]
[EventDate "2014.01.28"]

1. e4 e5 2. Nf3 Nc6 3. Bb5 a6 4. Ba4 Nf6 5. O-O Be7 6. d3 b5 7. Bb3 d6 8. a4
Bd7 9. Nc3 Na5 10. Ba2 b4 11. Ne2 c5 12. Ng3 O-O 13. Ne1 Qb6 14. Bc4 Be6 15. b3
d5 16. exd5 Nxd5 17. Bxd5 Bxd5 18. Nf3 Bf6 19. Be3 Qc6 20. Nh5 e4 21. Nxf6+
Qxf6 22. Ng5 Qc6 23. dxe4 Bxe4 24. Nxe4 Qxe4 25. Bxc5 Rfd8 26. Qf3 Qxc2 27. Bb6
Nxb3 28. Bxd8 Rxd8 29. Rfd1 Nd2 30. Qe2 h6 31. Rac1 Qd3 32. Qxd3 Rxd3 33. g3 b3
34. Rc8+ Kh7 35. Kg2 Nf3 36. Rxd3 Ne1+ 37. Kf1 Nxd3 38. Rb8 b2 39. Ke2 Nc5 40.
a5 Na4 41. Kd2 1-0

[Event "Tradewise Gibraltar Chess Festival 2014 "]
[Site "The Caleta Hotel - Gibraltar"]
[Date "2014.01.30"]
[Round "3.37"]
[White "Nakar, Eylon"]
[Black "Cramling, Pia"]
[Result "1-0"]
[WhiteElo "2398"]
[BlackElo "2525"]
[PlyCount "91"]
[EventDate "2014.01.28"]

1. e4 c5 2. Nf3 e6 3. d4 cxd4 4. Nxd4 a6 5. c4 Nf6 6. Nc3 Bb4 7. Qd3 Qc7 8. a3
Bxc3+ 9. Qxc3 O-O 10. f3 d6 11. Be3 e5 12. Nc2 Be6 13. Nb4 Nbd7 14. Be2 Rfc8
15. O-O Qd8 16. Qd2 Bxc4 17. Bxc4 Rxc4 18. Qxd6 a5 19. Nd5 Nxd5 20. Qxd5 Qc7
21. Rac1 Rc6 22. Rfd1 Nb6 23. Rxc6 bxc6 24. Qc5 Na4 25. Qc2 Nb6 26. Qc5 Na4 27.
Qc2 Nb6 28. Rc1 Rc8 29. Qc5 Nd7 30. Qe7 h6 31. a4 Qb7 32. Rc3 Rc7 33. Rd3 Nf8
34. Qxe5 Ne6 35. h3 Qb4 36. Kh2 c5 37. Rd6 Rb7 38. Bd2 Qxa4 39. Bc3 Qe8 40. f4
Re7 41. f5 Nd4 42. Qxc5 Ne2 43. Bxg7 Rxe4 44. Bf6 Qb8 45. Be5 Qe8 46. Rg6+ 1-0

[Event "Tradewise Gibraltar Chess Festival 2014 "]
[Site "The Caleta Hotel - Gibraltar"]
[Date "2014.01.30"]
[Round "3.38"]
[White "Gaehwiler, Gabriel"]
[Black "Cmilyte, Viktorija"]
[Result "0-1"]
[WhiteElo "2332"]
[BlackElo "2515"]
[PlyCount "90"]
[EventDate "2014.01.28"]

1. e4 c5 2. Nf3 Nc6 3. c3 d5 4. exd5 Qxd5 5. Na3 Bg4 6. Be2 Nf6 7. O-O e6 8. d4
Rc8 9. Nc2 Qd7 10. Ne5 Nxe5 11. dxe5 Qxd1 12. Bxd1 Bxd1 13. Rxd1 Nd7 14. f4 f6
15. exf6 Nxf6 16. c4 Be7 17. b3 Kf7 18. Bb2 Rcd8 19. Ne1 Ng4 20. Nf3 Bf6 21.
Bxf6 gxf6 22. Re1 Rd3 23. Re2 Rhd8 24. Rae1 R8d6 25. h3 Nh6 26. Re3 Rxe3 27.
Rxe3 Nf5 28. Re2 Ng3 29. Rd2 Rxd2 30. Nxd2 Ne2+ 31. Kf2 Nxf4 32. Ne4 b6 33.
Nd6+ Ke7 34. Nc8+ Kd7 35. Nxa7 Nd3+ 36. Ke3 Nc1 37. Nb5 Nxa2 38. Kd2 f5 39. g4
fxg4 40. hxg4 Ke7 41. Nc7 Kd6 42. Ne8+ Ke5 43. Ke3 Nc1 44. Nc7 Kd6 45. Ne8+ Ke7
0-1

[Event "Tradewise Gibraltar Chess Festival 2014 "]
[Site "The Caleta Hotel - Gibraltar"]
[Date "2014.01.30"]
[Round "3.40"]
[White "Tate, Alan"]
[Black "Hoang, Thanh Trang"]
[Result "1-0"]
[WhiteElo "2321"]
[BlackElo "2511"]
[PlyCount "93"]
[EventDate "2014.01.28"]

1. e4 e6 2. d4 d5 3. Nd2 Nf6 4. e5 Nfd7 5. Bd3 c5 6. c3 Nc6 7. Ngf3 g6 8. h4 h6
9. Bc2 b6 10. Nf1 Bg7 11. Ne3 a5 12. O-O Ba6 13. Re1 b5 14. g3 Qb6 15. Nxd5
exd5 16. e6 Nf8 17. dxc5 Qxc5 18. Be3 Qd6 19. Bf4 Qd8 20. exf7+ Kxf7 21. Bb3
Ne7 22. Bg5 hxg5 23. Nxg5+ Ke8 24. Bxd5 Nh7 25. Bc6+ Kf8 26. Ne6+ Kf7 27. Nxd8+
Raxd8 28. Qb3+ Kf8 29. Rxe7 Kxe7 30. Re1+ Kf8 31. Qa3+ Kg8 32. Qb3+ Kf8 33.
Qa3+ Kg8 34. Qxa5 Rd2 35. c4 Rd6 36. Qxa6 Bf8 37. Bd5+ Kg7 38. Qa7+ Kh6 39.
Qe3+ Kg7 40. Qa7+ Kh6 41. Qe3+ Kg7 42. Qd4+ Nf6 43. Re6 Rxe6 44. Bxe6 bxc4 45.
Qa7+ Kh6 46. g4 g5 47. Qf7 1-0

[Event "Tradewise Gibraltar Chess Festival 2014 "]
[Site "The Caleta Hotel - Gibraltar"]
[Date "2014.01.30"]
[Round "3.42"]
[White "Aharon, Ofir"]
[Black "Rahman, Ziaur"]
[Result "0-1"]
[WhiteElo "2304"]
[BlackElo "2499"]
[PlyCount "80"]
[EventDate "2014.01.28"]

1. e4 g6 2. d4 Bg7 3. Nc3 c6 4. f4 d5 5. e5 Nh6 6. Be3 O-O 7. Nf3 Bg4 8. h3
Bxf3 9. Qxf3 f6 10. exf6 Bxf6 11. O-O-O Nf5 12. g4 Nxe3 13. Qxe3 Qd6 14. Bd3
Nd7 15. Kb1 Bg7 16. f5 gxf5 17. Bxf5 e5 18. dxe5 Qxe5 19. Rhe1 Qxe3 20. Rxe3
Ne5 21. Ne2 Nc4 22. Rb3 Rae8 23. Nc1 Re7 24. Bd3 Nd6 25. Ra3 a6 26. Nb3 Rf3 27.
h4 Rf4 28. Rg1 c5 29. Ra5 c4 30. Rxd5 Ne8 31. Bf5 cxb3 32. axb3 Bf8 33. Rd8 Ng7
34. Bd3 Ne6 35. Rb8 Nd4 36. g5 Nf3 37. Rg3 Nd2+ 38. Ka2 Re5 39. b4 Ra5+ 40.
bxa5 Ra4# 0-1

[Event "Tradewise Gibraltar Chess Festival 2014 "]
[Site "The Caleta Hotel - Gibraltar"]
[Date "2014.01.30"]
[Round "3.43"]
[White "Gallagher, Joseph G"]
[Black "Chapman, Terry P D"]
[Result "1-0"]
[WhiteElo "2495"]
[BlackElo "2304"]
[PlyCount "61"]
[EventDate "2014.01.28"]

1. e4 c5 2. Nf3 e6 3. d4 cxd4 4. Nxd4 Nc6 5. Nc3 Qc7 6. Be2 a6 7. O-O Nf6 8.
Be3 Bb4 9. Na4 Be7 10. Nxc6 bxc6 11. Nb6 Rb8 12. Nxc8 Qxc8 13. Bd4 Nxe4 14.
Bxg7 Rg8 15. Be5 d6 16. Qd3 f5 17. Bh5+ Kf8 18. Bf4 Kg7 19. Rae1 e5 20. Bc1 a5
21. f4 Qe6 22. Qh3 d5 23. b3 Bc5+ 24. Be3 d4 25. Bc1 exf4 26. Bb2 Kf8 27. Qh4
d3+ 28. Kh1 Bf2 29. Rxe4 Bxh4 30. Rxe6 dxc2 31. Rxc6 1-0

[Event "Tradewise Gibraltar Chess Festival 2014 "]
[Site "The Caleta Hotel - Gibraltar"]
[Date "2014.01.30"]
[Round "3.44"]
[White "Mekhitarian, Krikor Sevag"]
[Black "Nilsen, Martin"]
[Result "1-0"]
[WhiteElo "2566"]
[BlackElo "1878"]
[PlyCount "101"]
[EventDate "2014.01.28"]

1. d4 Nf6 2. c4 c5 3. d5 e6 4. Nc3 exd5 5. cxd5 d6 6. e4 g6 7. Nge2 Bg7 8. Ng3
O-O 9. Be2 Na6 10. O-O Nc7 11. a4 a6 12. Bg5 h6 13. Be3 Re8 14. Qd2 Kh7 15. f3
Rb8 16. Rfb1 b5 17. axb5 a5 18. Bc4 Na8 19. b3 Nb6 20. Ra2 Bb7 21. Re1 Nfd7 22.
Na4 Ra8 23. Bf1 Re7 24. Bf2 Re8 25. h3 Bf6 26. f4 Bg7 27. Nb2 Qc7 28. Rc1 Nf6
29. Bd3 Re7 30. Nc4 Nxc4 31. bxc4 Nd7 32. Qc2 Nb6 33. e5 dxe5 34. f5 Kh8 35.
fxg6 fxg6 36. Bxg6 a4 37. Ne4 Nxd5 38. cxd5 Bxd5 39. Rxa4 Rb8 40. Qxc5 Qd7 41.
Ra7 Qxa7 42. Qxa7 Rxa7 43. Bxa7 Rxb5 44. Rc8+ Bf8 45. Nc3 Ra5 46. Nxd5 Rxa7 47.
Rxf8+ Kg7 48. Rf7+ Kh8 49. Rxa7 e4 50. Nf6 e3 51. Rh7# 1-0

[Event "Tradewise Gibraltar Chess Festival 2014 "]
[Site "The Caleta Hotel - Gibraltar"]
[Date "2014.01.30"]
[Round "3.45"]
[White "Lombaers, Peter"]
[Black "Georgiev, Kiril"]
[Result "0-1"]
[WhiteElo "2255"]
[BlackElo "2653"]
[PlyCount "64"]
[EventDate "2014.01.28"]

1. c4 Nf6 2. g3 c6 3. Bg2 d5 4. Nf3 Bf5 5. cxd5 cxd5 6. Qb3 Nc6 7. Qxb7 Bd7 8.
Qb3 e5 9. O-O Rb8 10. Qd1 e4 11. Ne1 h5 12. d3 h4 13. Nc3 hxg3 14. hxg3 e3 15.
d4 Ng4 16. f3 Nh2 17. Qd3 Nxf1 18. Kxf1 Bd6 19. Qxe3+ Kf8 20. f4 Bh3 21. b3
Bxg2+ 22. Kxg2 Qd7 23. Bb2 Re8 24. Qd3 Bxf4 25. gxf4 Qg4+ 26. Qg3 Rxe2+ 27.
Nxe2 Qxe2+ 28. Kg1 Qxb2 29. Qg4 Qxd4+ 30. Kg2 g6 31. Rd1 Qb2+ 32. Kg1 Nd4 0-1

[Event "Tradewise Gibraltar Chess Festival 2014 "]
[Site "The Caleta Hotel - Gibraltar"]
[Date "2014.01.30"]
[Round "3.46"]
[White "Khotenashvili, Bela"]
[Black "Nicolas Zapata, Irene"]
[Result "1/2-1/2"]
[WhiteElo "2527"]
[BlackElo "2249"]
[PlyCount "59"]
[EventDate "2014.01.28"]

1. Nf3 Nf6 2. g3 d5 3. Bg2 e6 4. O-O Be7 5. d3 O-O 6. Nbd2 c5 7. e4 Nc6 8. e5
Nd7 9. Re1 Qc7 10. Qe2 b6 11. c3 a5 12. Nf1 Ba6 13. Bf4 b5 14. h4 b4 15. N1h2
a4 16. c4 dxc4 17. dxc4 b3 18. axb3 axb3 19. h5 Nb4 20. Rac1 Nc2 21. Red1 Nb6
22. Nd2 Nd4 23. Qe3 Rad8 24. Nhf3 Na4 25. Nxd4 cxd4 26. Qxb3 Nc5 27. Qc2 Bb7
28. Bxb7 Qxb7 29. b3 h6 30. Re1 {unable to read remaining moves} 1/2-1/2

[Event "Tradewise Gibraltar Chess Festival 2014 "]
[Site "The Caleta Hotel - Gibraltar"]
[Date "2014.01.30"]
[Round "3.47"]
[White "El Debs, Felipe De Cresce"]
[Black "Martinez Reyes, Pedro Ramon"]
[Result "1-0"]
[WhiteElo "2520"]
[BlackElo "2246"]
[PlyCount "127"]
[EventDate "2014.01.28"]

1. Nf3 d5 2. c4 e6 3. g3 Nf6 4. Bg2 Be7 5. O-O O-O 6. b3 b6 7. Bb2 Bb7 8. e3 c5
9. Nc3 Nc6 10. cxd5 Nxd5 11. Nxd5 exd5 12. d4 Ba6 13. Re1 c4 14. bxc4 Bxc4 15.
Nd2 b5 16. Nxc4 bxc4 17. Qa4 Qd7 18. Bc3 Rab8 19. Rab1 Rfd8 20. Rxb8 Rxb8 21.
e4 Ne5 22. Qxd7 Nxd7 23. exd5 Bd6 24. Bf1 Nb6 25. Ba5 Kf8 26. Bxb6 axb6 27.
Bxc4 b5 28. Bb3 Rc8 29. h4 Rc3 30. Rd1 Ke7 31. Kf1 Kd7 32. Ke2 Ba3 33. h5 Kd6
34. Rh1 Bc1 35. Rh4 Bg5 36. Re4 Rc8 37. Kd3 h6 38. f4 Bf6 39. Re1 Be7 40. g4
Bh4 41. Re5 Bg3 42. Ke4 Rc1 43. g5 Rf1 44. Rf5 Bh4 45. gxh6 gxh6 46. Rxf7 Bg5
47. Rf5 Re1+ 48. Kf3 Rf1+ 49. Kg3 Be7 50. Re5 Kd7 51. Kg4 Bd6 52. Kf5 Rf2 53.
Re4 Rf1 54. Bc2 Rf2 55. Bd3 b4 56. Bc4 Kc7 57. Kg4 Rc2 58. Bb3 Rg2+ 59. Kf5 Rf2
60. Re5 Rd2 61. Ke4 Rh2 62. Kf3 Rd2 63. Re6 Rxd4 64. Ke3 1-0

[Event "Tradewise Gibraltar Chess Festival 2014 "]
[Site "The Caleta Hotel - Gibraltar"]
[Date "2014.01.30"]
[Round "3.49"]
[White "Rindlisbacher, Jan"]
[Black "Hambleton, Aman"]
[Result "1/2-1/2"]
[WhiteElo "2250"]
[BlackElo "2481"]
[PlyCount "60"]
[EventDate "2014.01.28"]

1. d4 e6 2. c4 Nf6 3. Nf3 b6 4. g3 Ba6 5. b3 Bb7 6. Bg2 Bb4+ 7. Bd2 c5 8. Bxb4
cxb4 9. Qd3 O-O 10. Nbd2 d6 11. O-O a5 12. e4 e5 13. Ne1 Re8 14. Nc2 Nc6 15. d5
Nb8 16. a3 bxa3 17. Rxa3 Na6 18. Qc3 Qc7 19. Rb1 Nd7 20. Raa1 Ndc5 21. b4 axb4
22. Nxb4 Nxb4 23. Qxb4 Rxa1 24. Rxa1 Rb8 25. Ra7 Ra8 26. Rxa8+ Bxa8 27. Nb3 Bb7
28. Nxc5 bxc5 29. Qb5 Kf8 30. Bh3 Ke7 1/2-1/2

[Event "Tradewise Gibraltar Chess Festival 2014 "]
[Site "The Caleta Hotel - Gibraltar"]
[Date "2014.01.30"]
[Round "3.50"]
[White "Al-Sayed, Mohammed"]
[Black "Semprun Martinez, Fernando"]
[Result "1-0"]
[WhiteElo "2476"]
[BlackElo "2227"]
[PlyCount "69"]
[EventDate "2014.01.28"]

1. d4 Nf6 2. c4 g6 3. Nc3 d5 4. Nf3 Bg7 5. h4 c5 6. dxc5 Qa5 7. cxd5 Nxd5 8.
Qxd5 Bxc3+ 9. Bd2 Bxd2+ 10. Qxd2 Qxd2+ 11. Nxd2 Na6 12. Rc1 Be6 13. e3 Nc7 14.
Bc4 O-O 15. Ke2 Rfc8 16. a3 Bxc4+ 17. Nxc4 Ne6 18. b4 Rc7 19. Na5 Rac8 20. Nb3
f6 21. g4 Kf7 22. f4 Ng7 23. Nd4 a6 24. h5 gxh5 25. f5 Rg8 26. Rcd1 Rd8 27.
gxh5 Rd5 28. e4 Re5 29. Kf3 h6 30. Rhg1 Nxh5 31. Rh1 Ng7 32. Rxh6 Rd7 33. Rh7
Kf8 34. Rxg7 Rxd4 35. Rxd4 1-0